Eurovision Host Cities Quiz Stats

 Plays Quiz Updated Jun 20, 2019

Score 0/63 Timer 07:00
17 Plays Today
year Host City % Correct
1960London
97.3%
1963London
97.3%
1968London
97.3%
1977London
97.3%
1971Dublin
95.2%
1981Dublin
95.2%
1988Dublin
95.2%
1994Dublin
95.2%
1995Dublin
95.2%
1997Dublin
95.2%
1978Paris
94.3%
1996Oslo
92.9%
2010Oslo
92.9%
1991Rome
91.8%
2016Stockholm
91.5%
1975Stockholm
89.6%
2000Stockholm
89.6%
2015Vienna
89.2%
1970Amsterdam
89.1%
2009Moscow
88.8%
2006Athens
88.4%
1964Copenhagen
87.8%
2001Copenhagen
87.8%
2007Helsinki
85.2%
1962Luxembourg
84.1%
1966Luxembourg
84.1%
1973Luxembourg
84.1%
1984Luxembourg
84.1%
2014Copenhagen
83.9%
2017Kyiv
83.2%
2005Kyiv
82.8%
1969Madrid
81.9%
year Host City % Correct
1979Jerusalem
81.5%
1999Jerusalem
81.5%
2004Istanbul
81%
1967Vienna
81%
1987Brussels
76.7%
1983Munich
76%
2003Riga
75.3%
2013Malmo
74.6%
2012Baku
71.3%
2018Lisbon
69.3%
1998Birmingham
67.7%
2002Tallinn
67.4%
1990Zagreb
67.3%
2008Belgrade
66.6%
1992Malmo
61.3%
1972Edinburgh
57.1%
1976The Hague
53.9%
1980The Hague
53.9%
2011Düsseldorf
52.7%
1957Frankfurt
51.3%
1965Naples
48.8%
1985Gothenburg
44.3%
1986Bergen
39.5%
1974Brighton
35.5%
1959Cannes
29.3%
1961Cannes
29.3%
1989Lausanne
28.3%
1956Lugano
25.1%
1982Harrogate
21.5%
1993Millstreet
21.5%
1958Hilversum
16.8%

You're not logged in!

Compare scores with friends on all Sporcle quizzes.
OR
Log In

Show Comments

Extras

Top Quizzes Today


Score Distribution

Your Account Isn't Verified!

In order to create a playlist on Sporcle, you need to verify the email address you used during registration. Go to your Sporcle Settings to finish the process.

Report this User

Report this user for behavior that violates our Community Guidelines.

Details: